Στοιχεία ψυχολογίας : διά την Ε' τάξιν των γυμνασίων
Saved in:
| Main Author: | |
|---|---|
| Format: | Book |
| Language: | Greek |
| Published: |
Εν Αθήναις,
Οργανισμός Εκδόσεως Σχολικών Βιβλιών,
1950.
|
| Subjects: | |
| Tags: |
Add Tag
No Tags, Be the first to tag this record!
|
MARC
| LEADER | 00000cam a2200000 a 4500 | ||
|---|---|---|---|
| 001 | 1/108714 | ||
| 008 | 150917s1950####gr | ||| |||| ||gre|| | ||
| 040 | |a GR-MyUa |b gre |c GR-MyUa |e AACR2 | ||
| 041 | 0 | |a gre | |
| 082 | 7 | |a 150.7 |2 (23) | |
| 100 | 1 | |a Παπανούτσος, Ευάγγελος Π., |d 1900-1982. | |
| 245 | 1 | 0 | |a Στοιχεία ψυχολογίας : |b διά την Ε' τάξιν των γυμνασίων / |c Ε. Π. Παπανούτσου. |
| 260 | |a Εν Αθήναις, |b Οργανισμός Εκδόσεως Σχολικών Βιβλιών, |c 1950. | ||
| 300 | |a 138 σ. : |b σχέδια ; |c 21 εκ. | ||
| 650 | 0 | |a Psychology |x Study and teaching. | |
| 650 | 0 | |a Educational psychology. | |
| 852 | |a INST |b SAMOS |c PORFYRIADA |e 20150917 |h 150.7 ΠΑΠ |p 005300042705 |q 005300042705 |t NOLOAN |y 23 | ||
| 970 | |a Σιτζίμη |b Γιασεμή |z 17/09/2015 | ||